[Event "EU-ch U10 Girls"]
[Site "Bratislava"]
[Date "2019.08.08"]
[Round "7"]
[White "Guzun, Lavinia"]
[Black "Ciarletta, Iris"]
[Result "1-0"]
[WhiteElo "1155"]
[BlackElo "1329"]
[PlyCount "103"]
[EventDate "2019.08.02"]
[EventType "swiss"]
[EventRounds "9"]
[EventCountry "SVK"]
[SourceTitle "EXT 2020"]
[Source "ChessBase"]
[SourceDate "2019.10.17"]
[SourceVersion "1"]
[SourceVersionDate "2019.10.17"]
[SourceQuality "1"]

1. e4 e6 2. d4 d5 3. Nc3 Nf6 4. e5 Nfd7 5. f4 c5 6. Nf3 Nc6 7. Be3 Qb6 8. Na4 Qa5+ 9. c3 cxd4 10. b4 Qc7 11. Nxd4 Nb6 12. Nb5 Qd8 13. Nxa7 Nxa4 14. Qxa4 Qd7 15. Bb5 Be7 16. Qc2 0-0 17. Nxc6 bxc6 18. Bd3 h6 19. 0-0 Ba6 20. f5 exf5 21. Rxf5 Qe6 22. Bxa6 Rxa6 23. Qf2 Rfa8 24. Rh5 d4 25. Bxd4 Rxa2 26. Rxa2 Rxa2 27. Qf1 Rb2 28. h3 Qd5 29. Qf3 Qd7 30. Qf5 Qe8 31. Qg4 Rb1+ 32. Kh2 Bg5 33. h4 Bc1 34. e6 Qf8 35. e7 Bf4+ 36. Qxf4 Qxe7 37. Rxh6 gxh6 38. Qg4+ Kf8 39. Bc5 Qxc5 40. bxc5 Rb5 41. Qc8+ Kg7 42. Qxc6 Rb1 43. Qe4 Rc1 44. c6 Kg8 45. c7 Rxc3 46. Qe8+ Kh7 47. Qxf7+ Kh8 48. Qf6+ Kh7 49. Qxc3 h5 50. c8Q Kg6 51. Qd7 Kh6 52. Qcg7# 1-0

[Event "EU-ch U10 Girls"]
[Site "Bratislava"]
[Date "2019.08.06"]
[Round "5"]
[White "Szarvas, Nora Orsolya"]
[Black "Guzun, Lavinia"]
[Result "1-0"]
[WhiteElo "1240"]
[BlackElo "1155"]
[PlyCount "119"]
[EventDate "2019.08.02"]
[EventType "swiss"]
[EventRounds "9"]
[EventCountry "SVK"]
[SourceTitle "EXT 2020"]
[Source "ChessBase"]
[SourceDate "2019.10.17"]
[SourceVersion "1"]
[SourceVersionDate "2019.10.17"]
[SourceQuality "1"]

1. e4 c5 2. g3 b6 3. Bg2 Bb7 4. Ne2 e6 5. 0-0 d5 6. exd5 Bxd5 7. Bxd5 Qxd5 8. Nbc3 Qd8 9. b3 Nf6 10. d4 Nc6 11. dxc5 Bxc5 12. Bg5 Nd4 13. Be3 e5 14. Bxd4 Bxd4 15. Nxd4 Qxd4 16. Qxd4 exd4 17. Nb5 0-0 18. Nxd4 Rfd8 19. Nc6 Rd6 20. Ne7+ Kf8 21. Nf5 Rc6 22. c4 Rb8 23. Rad1 g6 24. Nd4 Rc5 25. Rfe1 Rc7 26. Nb5 Rcb7 27. Nd6 Rd7 28. Nb5 Rdb7 29. Rd6 Ne8 30. Rdd1 a6 31. Nd6 Rd7 32. Nxe8 Rxd1 33. Rxd1 Rxe8 34. Rd6 Re1+ 35. Kg2 Ra1 36. a4 Re1 37. Rxb6 Re6 38. Rxe6 fxe6 39. b4 Ke7 40. b5 axb5 41. cxb5 Kd6 42. a5 Kc5 43. a6 Kb6 44. Kf3 Ka7 45. Kg4 e5 46. Kg5 e4 47. Kh6 e3 48. fxe3 Kb6 49. e4 Ka7 50. e5 g5 51. e6 Kb6 52. e7 g4 53. e8Q Ka7 54. Qd7+ Kb6 55. Qc6+ Ka5 56. a7 Kb4 57. a8Q Kb3 58. b6 Kb2 59. b7 Kb3 60. b8R# 1-0